| 000 | 00531nam a2200193 a 4500 | ||
|---|---|---|---|
| 001 | 5910 | ||
| 003 | CDMR | ||
| 005 | 20140223010601.0 | ||
| 008 | 130220s1998||||||||||||||||||||||||||||d | ||
| 040 |
_aCDMR _bcat _cCDMR |
||
| 100 | 1 |
_92195 _aPons, Agustí |
|
| 245 | 1 | 0 |
_aPere Calders _b: veritat oculta _cAgustí Pons |
| 260 |
_aBarcelona _bEdicions 62 _c1998 |
||
| 300 |
_a396 p ; _c16 cm |
||
| 490 | 0 |
_aBiografies i memòries _v33 |
|
| 600 | 1 |
_9553 _aCalders, Pere |
|
| 650 | 0 | 4 |
_aPeriodistes catalans _vBiografia _93139 |
| 942 |
_cMON _2udc |
||
| 999 |
_c5910 _d5910 |
||